00377 2200157 4500001002100000005001500021035002000036245004000056100002500096300001100121260003500132082000800167084001400175020001800189990001200207INLIS00000000000180020250506094813 a0010-05250000921 aMerit, Yuk! /cKomarudin Ibnu Mikam0 aKomarudin Ibnu Mikam a92 hlm aJakarta :bQultum Media,c2005 a813 a813 KOM m a979-3762-34-9 a0754573